00602nam a2200181Ia 4500001000900000003000500009005001700014008004100031010001100072040002300083100003100106245009100137260008100228300001000309500003800319650001900357700004400376dia_4183CHAP20251029164320.0220117s1981 xx 000 0 und d a174816 cCHAPamxchpuaerda aParedes Tijerina, Andrés aGuía para cultivar arroz bajo en el estado de Morelos /c Andrés Paredes Tijerina aChapingo, México :b Inia, Campo agrícola experimental Zacatepec,c1981 a16 p. aS/c (Folleto para productores, 3) aArrozxCultivo aCampo agrícola experimental Zacatepec